Bashāʼir al-nubūwah al-khātimah /

محفوظ في:

المؤلف الرئيسي: Shalabī, Raʾūf (مؤلف)

التنسيق: كتاب

اللغة: Arabic

منشور في: al-Qāhirah : Majmaʻ al-Buḥūth al-Islāmīyah, 1988.

سلاسل: Silsilat al-buḥūth al-Islāmīyah.

الموضوعات:

الوسوم: إضافة وسم

لا توجد وسوم, كن أول من يضع وسما على هذه التسجيلة!

رقم الطلب: BP166.5 .S5 1988

LEADER 01215nam a2200265Ia 4500
003 OSt
005 20230125094405.0
008 130303s1988 ua c b 000 0 ara d
952 |0 0  |1 0  |2 lcc  |4 0  |6 BP01665 S5 01988  |7 1  |9 45384  |a ARCE  |b ARCE  |d 2023-01-25  |l 0  |o BP166.5 .S5 1988  |p 1029895  |r 2023-01-25 00:00:00  |w 2023-01-25  |y BK 
999 |c 24450  |d 24450 
020 |a 9771270109 
040 |c ARCE Library 
050 4 |a BP166.5 .S5 1988 
100 1 |6 880-01  |a Shalabī, Raʾūf,  |e author 
245 1 0 |6 880-02  |a Bashāʼir al-nubūwah al-khātimah /   |c taʼlīf Raʼūf Shalabī. 
264 1 |a al-Qāhirah :   |b Majmaʻ al-Buḥūth al-Islāmīyah,   |c 1988. 
300 |a 413 pages :  |b portrait ;  |c 20 cm. 
490 1 |a Silsilat al-buḥūth al-Islāmīyah. 
504 |a Includes bibliographical references. 
600 0 0 |a Muḥammad,  |c Prophet,  |d -632  |x Prophetic office. 
830 0 |a Silsilat al-buḥūth al-Islāmīyah. 
880 1 |6 100-01/(3/r  |a شلبي، رؤوف 
880 1 0 |6 245-02/(3/r  |a بشائر النبوة الخاتمة   |c تأليف رؤوف شلبي.‪‪‪‪‪‪‪‪‪‪‪‪‪‪‪‪‪‪‪‪‪‪‪‪‪‪‪‪‪‪‪‪‪‪‪‪‪‪‪‪‪‪‪‪‪ 
901 |a reviewed 
942 |c BK  |2 lcc